Gaming Quiz

Random Gaming or Pokémon Quiz
Score 0/214 Timer 15:00
5 Plays Today
Ending Attack % Correct
PunchFire Punch
91.9%
PunchIce Punch
90.1%
BeamIce Beam
86.7%
PunchThunder Punch
85.7%
BlastFire Blast
82.1%
Fang(s)Fire Fang
80.2%
Fang(s)Ice fang
79.4%
Wave(s)Thunder Wave
78.4%
Fang(s)Thunder Fang
76.3%
BeamHyper Beam
75%
ShockThunder Shock
73.4%
DanceDragon Dance
71.2%
PulseWater Pulse
71.1%
PledgeFire Pledge
70.9%
BallIce Ball
70.5%
Fang(s)Hyper Fang
70%
SlapDouble Slap
69.7%
Claw(s)Dragon Claw
68.6%
PunchMega Punch
68.5%
AttackQuick Attack
68.1%
PulseDragon Pulse
67.9%
SporeStun Spore
66.7%
RageDragon Rage
65.9%
KickDouble Kick
65.7%
PowderPoison Powder
65.4%
KickMega Kick
64.9%
Fang(s)Poison Fang
64.2%
TailDragon Tail
63.5%
PledgeWater Pledge
63.4%
PowderSleep Powder
60.2%
SmashRock Smash
60%
SlashSlash
59.9%
WhipTail Whip
59.8%
SeedLeech Seed
59.1%
RageRage
58.9%
TailPoison Tail
57.6%
AttackTri Attack
57.4%
SlamBody Slam
56.8%
BeamPsybeam
56.6%
ThrowRock Throw
56.5%
RoomTrick Room
55.9%
PledgeGrass Pledge
55.3%
Fang(s)Super Fang
55.1%
BallShadow Ball
55%
SwapPower Swap
54.9%
BlastRock Blast
54.9%
KickHigh Jump Kick
54.8%
WhipPower Whip
54.7%
ChopKarate Chop
53.4%
TailIron Tail
53.4%
Wave(s)Psywave
53.3%
ChargeCharge
52.9%
SporeSpore
52.9%
SplitPower Split
52.3%
PunchMach Punch
52%
GuardQuick Guard
51.6%
Claw(s)Shadow Claw
50.9%
PowerSuperpower
50.8%
CannonHydro Cannon
50.3%
SeedBullet Seed
49.6%
OrderAttack Order
49.6%
PunchShadow Punch
49.2%
DanceSwords Dance
49.1%
PulseDark Pulse
49.1%
SlamSlam
49.1%
ShockPsyshock
48.7%
BeamCharge Beam
48.7%
BombSeed Bomb
48.3%
PunchBullet Punch
48.2%
BeamSolar Beam
47.9%
KickJump Kick
47.8%
WhipVine Whip
47.6%
Ending Attack % Correct
KickLow Kick
47.2%
PowerHidden Power
47.2%
WindTailwind
46.6%
PowderRage Powder
44.4%
SlapTail Slap
44.2%
FlareSeed Flare
43.9%
OrderHeal Order
43.4%
Fang(s)Psychic Fangs
43.2%
WindFairy Wind
43%
UpPsych Up
42.7%
OrderDefend Order
41.4%
SwapSkill Swap
41.2%
PunchPower-Up Punch
41%
Claw(s)Metal Claw
40.9%
ShotMud Shot
40.9%
DanceRain Dance
40.8%
StormLeaf Storm
40.5%
CannonFlash Cannon
40.2%
PunchFocus Punch
40%
BombSludge Bomb
40%
KickBlaze Kick
39.9%
ChargeFlame Charge
39.8%
BeamAurora Beam
39.1%
KickTriple Kick
39.1%
PulseHeal Pulse
39%
BombMud Bomb
38.4%
AttackSand Attack
38.4%
DancePetal Dance
38.3%
SlapMud-Slap
38%
ChopCross Chop
37.3%
UpBulk Up
37.2%
OutFake Out
36.9%
StormSandstorm
36.8%
WindRazor Wind
36.7%
PunchDizzy Punch
36.6%
BlastFocus Blast
36.6%
SplitPain Split
36.5%
WindWhirlwind
36.2%
PunchComet Punch
36.1%
PunchDynamic Punch
36%
ShotString Shot
35.3%
PowerSecret Power
35.1%
SlashNight Slash
35.1%
TailAqua Tail
35.1%
Wave(s)Sludge Wave
34.9%
DanceQuiver Dance
34%
PunchDrain Punch
33.8%
SlamHeavy Slam
33.7%
CannonZap Cannon
33.6%
WindSilver Wind
33.2%
SwapGuard Swap
32.7%
BallEnergy Ball
32.5%
WindIcy Wind
32.5%
BeamBubble Beam
32.4%
DanceTeeter Dance
32.2%
PowderPowder
31.9%
BallElectro Ball
31.8%
OutRollout
31.7%
KickRolling Kick
31.7%
BlastMoonblast
31.3%
SlapWake-Up Slap
31.2%
BombEgg Bomb
31.2%
AttackFury Attack
31.1%
AttackSky Attack
31%
SplitGuard Split
30.1%
SmashHead Smash
29.9%
PowerAncient Power
29.7%
BeamSignal Beam
29.6%
PowerEarth Power
29.5%
GuardWide Guard
29.5%
ShotGunk Shot
28.7%
ChargeHead Charge
28.3%
Ending Attack % Correct
Wave(s)Shock Wave
28.2%
PunchSucker Punch
27.6%
AttackWing Attack
27.6%
ThrowVital Throw
27.1%
BallGyro Ball
27.1%
ThrowCircle Throw
27%
SporeCotton Spore
26.6%
ChargeWild Charge
26.2%
RoomWonder Room
26%
ChopDual Chop
25.9%
SeedWorry Seed
25.6%
Wave(s)Heat Wave
24.7%
RoomMagic Room
24.3%
SwapSpeed Swap
24.3%
ThrowStorm Throw
24.2%
Claw(s)Crush Claw
24.1%
SlashAir Slash
23.8%
FlareBlue Flare
23.3%
WindOminous Wind
23.3%
UpBurn Up
23.3%
AttackHorn Attack
22.7%
KickTrop Kick
22.5%
GuardCotton Guard
22.5%
DanceRevelation Dance
22.2%
Claw(s)Hone Claws
22%
DanceFiery Dance
21.9%
FlareFusion Flare
21.8%
DanceFeather Dance
21.5%
BallWeather Ball
21.3%
BombMagnet Bomb
21%
UpSpit Up
20.6%
OutWring Out
20.3%
BeamSimple Beam
20.2%
GuardSafeguard
19.9%
ShotMirror Shot
19.8%
UpWork Up
19.7%
AttackFeint Attack
19.3%
ShotParting Shot
19.2%
StormMagma Storm
19.2%
PowerNature Power
19%
UpBeat Up
18.8%
PowerCosmic Power
18.6%
AttackMulti-Attack
18.6%
ChopThroat Chop
18.4%
BeamMoongeist Beam
18.4%
SwapHeart Swap
18%
DanceLunar Dance
17.5%
CannonSpike Cannon
17.2%
ChargeDischarge
17%
ShockVenoshock
16.7%
ChargeParabolic Charge
16.5%
StormDiamond Storm
16%
ShockFreeze Shock
15.9%
BallMist Ball
15.8%
CannonFleur Cannon
15.7%
BlastBeak Blast
15.4%
PulseOrigin Pulse
15.3%
BlastAeroblast
15.2%
Wave(s)Thousand Waves
14.8%
SmashShell Smash
14.4%
Wave(s)Vacuum Wave
13.8%
PowerStored Power
13.6%
ShotSearing Shot
13.5%
UpGear Up
13.3%
RageTectonic Rage
13%
ShotAnchor Shot
12.8%
UpShore Up
12.8%
PowerHigh Horsepower
12.5%
OutSavage Spin-Out
11.3%
BlastTechno Blast
10%

You're not logged in!

Compare scores with friends on all Sporcle quizzes.
OR
Log In

Sporcle TV

Today on Sporcle TV


Watch our educational content, quiz creation guides, and fun videos on Sporcle TV.

Show Comments

Extras

Top Quizzes Today


Score Distribution

Paid Content

Your Account Isn't Verified!

In order to create a playlist on Sporcle, you need to verify the email address you used during registration. Go to your Sporcle Settings to finish the process.

Report this User

Report this user for behavior that violates our Community Guidelines.

Details: